Catalog

Record Details

Catalog Search



The fast and the furious / Universal Pictures ... Read More

Available copies

  • 1 of 1 copy available at LARL/NWRL Consortium.

Current holds

0 current holds with 1 total copy.

Show Only Available Copies
Location Call Number / Copy Notes Barcode Shelving Location Status Due Date
Thief River Falls Public Library DVD FAS (Text) 35500006343626 Main Available -

Record details

  • ISBN: 0783257902
  • ISBN: 9780783257907
  • ISBN: 0783282915 (full screen ed.)
  • Physical Description: 1 videodisc (107 min.) : sound, color ; 4 3/4 in.
  • Edition: Collector's ed.
  • Publisher: [United States] : Universal Pictures, [2001]

Content descriptions

General Note:
Special features: storyboards to final feature comparison; exclusive demo of Activision's hot new ... Read More
Creation/Production Credits Note:
Director of photography, Ericson Core ; editor, ... Read More
Participant or Performer Note:
Vin Diesel, Paul Walker, Michelle Rodriguez, ... Read More
Summary, etc.:
Every night is a championship race on the ... Read More
Target Audience Note:
MPAA rating: PG-13.
Additional Physical Form available Note:
Also issued on VHS.
System Details Note:
DVD, NTSC, Dolby surround; anamorphic widescreen ... Read More
Language Note:
In English or French with optional English ... Read More
Subject: Automobile racing > California > Los Angeles > Drama.
Criminal investigation > Drama.
Detectives > California > Los Angeles > Drama.
Action and adventure films.
Action and adventure films
Automobile racing.
Criminal investigation.
Detectives.
California > Los Angeles.
French language materials.
Films for the hearing impaired.
Criminal investigation > Drama.
Genre: Feature films > United States.
Action and adventure films.
Fiction films.
Feature films.
Video recordings for the hearing impaired.
Feature films.
Action and adventure films.
Drama.
Video recordings for the hearing impaired.
LDR 05105cgm a2200877Ia 4500
001172241
003LARL_NWRL_CONSORTIUM
00520201012204622.0
008011227s2001 xxu107 g vleng d
007vd cgaizq
040 . ‡aTEF ‡beng ‡cTEF ‡dMFM ‡dJED ‡dOCLCQ ‡dOCLCG ‡dKZV ‡dOCLCG ‡dVP@ ‡dRIOSL ‡dOCLCQ ‡dWAU ‡dYDXCP ‡dYLC ‡dOCLCA ‡dGK8 ‡dWVF ‡dWAU ‡dOCLCA ‡dOCLCF ‡dOCLCO ‡dOCL ‡dOCLCO ‡dOCLCQ ‡dOCLCO ‡dOCL ‡dOCLCO ‡dO3A ‡dAZFX8 ‡dBDX ‡dTDS ‡dBSBPL ‡dOCLCO ‡dTXMLI ‡dOCLCO ‡dGL3
019 . ‡a50911793 ‡a642401614 ‡a664148557 ‡a965588512 ‡a971905428 ‡a976170724
020 . ‡a0783257902
020 . ‡a9780783257907
020 . ‡a0783282915 (full screen ed.)
0241 . ‡a025192127021
0241 . ‡a025192309021
02842. ‡a21270 ‡bUniversal Pictures
035 . ‡a(OCoLC)48667672 ‡z(OCoLC)50911793 ‡z(OCoLC)642401614 ‡z(OCoLC)664148557 ‡z(OCoLC)965588512 ‡z(OCoLC)971905428 ‡z(OCoLC)976170724
0411 . ‡aeng ‡afre ‡jeng ‡heng
043 . ‡an-us-ca
08204. ‡a791.43/72 ‡221
1300 . ‡aFast and the furious (Motion picture)
24514. ‡aThe fast and the furious / ‡cUniversal Pictures presents in association with Mediastream Film, a Neal H. Moritz production, a Rob Cohen film ; producer, Neal H. Moritz ; screenplay writers, Gary Scott Thompson, Erik Bergquist, David Ayer ; director, Rob Cohen.
2463 . ‡aFast & the furious
250 . ‡aCollector's ed.
260 . ‡a[United States] : ‡bUniversal Pictures, ‡c[2001]
300 . ‡a1 videodisc (107 min.) : ‡bsound, color ; ‡c4 3/4 in.
336 . ‡atwo-dimensional moving image ‡btdi ‡2rdacontent
337 . ‡avideo ‡bv ‡2rdamedia
338 . ‡avideodisc ‡bvd ‡2rdacarrier
538 . ‡aDVD, NTSC, Dolby surround; anamorphic widescreen 2.35:1.
546 . ‡aIn English or French with optional English captions for the hearing impaired; closed-captioned.
5111 . ‡aVin Diesel, Paul Walker, Michelle Rodriguez, Jordana Brewster, Rick Yune, Chad Lindberg, Johnny Strong, Matt Schulze, Ja Rule, Ted Levine.
508 . ‡aDirector of photography, Ericson Core ; editor, Peter Honess ; music, BT ; costume designer, Sanja Milkovic Hays ; production designer, Waldemar Kalinowski.
5218 . ‡aMPAA rating: PG-13.
530 . ‡aAlso issued on VHS.
520 . ‡aEvery night is a championship race on the turbo-charged streets of Los Angeles. Dominic and Johnny are rivals who are the boldest, the baddest, the best, and turn their challengers into dust. Along comes a challenger. Dominic and Johnny know that he is tough and fast, what they don't know is that he is a speed demon detective trying to bust up a theft ring.
500 . ‡aSpecial features: storyboards to final feature comparison; exclusive demo of Activision's hot new racing game "Supercar street challenge"; in-depth personal commentaries from director Rob Cohen including deleted scenes; interactive eight camera angle stunt sequence; the making of "The fast and the furious"; hard driving music videos including: Ja Rule "Furious", Caddillac Tah "POV city anthem", Saliva "Click, click, boom"; watch the movie magic interactive special effects to see how movies are made; visual effects montage featuring the first race; exclusive featurette on editing; high-octane trailer; Racer X: the article that inspired the movie.
650 0. ‡aAutomobile racing ‡zCalifornia ‡zLos Angeles ‡vDrama.
650 0. ‡aCriminal investigation ‡vDrama.
650 0. ‡aDetectives ‡zCalifornia ‡zLos Angeles ‡vDrama.
650 0. ‡aAction and adventure films. ‡0(LARL_NWRL_CONSORTIUM)12827
650 7. ‡aAction and adventure films ‡2fast ‡0(LARL_NWRL_CONSORTIUM)12827
650 7. ‡aAutomobile racing. ‡2fast ‡0(LARL_NWRL_CONSORTIUM)14404
650 7. ‡aCriminal investigation. ‡2fast ‡0(LARL_NWRL_CONSORTIUM)18015
650 7. ‡aDetectives. ‡2fast ‡0(LARL_NWRL_CONSORTIUM)18464
651 7. ‡aCalifornia ‡zLos Angeles. ‡2fast
650 4. ‡aFrench language materials. ‡0(LARL_NWRL_CONSORTIUM)175994
650 7. ‡aFilms for the hearing impaired. ‡0(LARL_NWRL_CONSORTIUM)18267
650 7. ‡aCriminal investigation ‡vDrama.
655 4. ‡aFeature films ‡zUnited States.
655 7. ‡aAction and adventure films. ‡2lcgft ‡0(LARL_NWRL_CONSORTIUM)175617
655 7. ‡aFiction films. ‡2lcgft ‡0(LARL_NWRL_CONSORTIUM)175626
655 7. ‡aFeature films. ‡2lcgft ‡0(LARL_NWRL_CONSORTIUM)175625
655 7. ‡aVideo recordings for the hearing impaired. ‡2lcgft ‡0(LARL_NWRL_CONSORTIUM)175744
655 7. ‡aFeature films. ‡2gsafd ‡0(LARL_NWRL_CONSORTIUM)175625
655 7. ‡aAction and adventure films. ‡2fast ‡0(LARL_NWRL_CONSORTIUM)175617
655 7. ‡aDrama. ‡2fast
655 7. ‡aVideo recordings for the hearing impaired. ‡2fast ‡0(LARL_NWRL_CONSORTIUM)175744
7001 . ‡aMoritz, Neal H. ‡4pro ‡0(LARL_NWRL_CONSORTIUM)144807
7001 . ‡aThompson, Gary Scott. ‡4aus ‡0(LARL_NWRL_CONSORTIUM)211332
7001 . ‡aBergquist, Erik. ‡4aus ‡0(LARL_NWRL_CONSORTIUM)211333
7001 . ‡aAyer, David. ‡4aus ‡0(LARL_NWRL_CONSORTIUM)148196
7001 . ‡aCohen, Rob, ‡d1949- ‡4drt ‡0(LARL_NWRL_CONSORTIUM)141986
7001 . ‡aDiesel, Vin. ‡4act ‡0(LARL_NWRL_CONSORTIUM)137222
7001 . ‡aWalker, Paul, ‡d1973-2013. ‡4act
7001 . ‡aRodriguez, Michelle. ‡4act ‡0(LARL_NWRL_CONSORTIUM)147129
7001 . ‡aBrewster, Jordana, ‡d1980- ‡4act ‡0(LARL_NWRL_CONSORTIUM)136334
7000 . ‡aB. T. ‡q(Brian Transeau), ‡d1971- ‡4cmp ‡0(LARL_NWRL_CONSORTIUM)205686
7102 . ‡aMediastream Film (Firm)
7102 . ‡aUniversal Pictures (Firm) ‡0(LARL_NWRL_CONSORTIUM)76903
85642. ‡uhttp://www.mrqe.com/movies/m100013081 ‡zConnect to reviews of this title online
901 . ‡a172241 ‡bOCoLC ‡c172241 ‡tbiblio

Additional Resources